| 000 | 00933nam a2200277Ia 4500 | ||
|---|---|---|---|
| 003 | OSt | ||
| 005 | 20220930091355.0 | ||
| 006 | a|||||r|||| 00| 0 | ||
| 007 | ta | ||
| 008 | 220926b |||||||| |||| 00| 0 eng d | ||
| 024 | _a5814 | ||
| 037 | _cTheses | ||
| 040 |
_aCRL _cCRL _beng |
||
| 041 |
_2eng _aeng |
||
| 100 |
_aArjun SreeKumar Au. _9545477 |
||
| 110 |
_aUniversity of Delhi. Faculty of Medical Sciences. Department of Genral Medicine _9545478 |
||
| 245 | 0 | _aLiver function abnormalities in dengue fever syndromes | |
| 260 | _c2012 | ||
| 300 |
_a85 _ap. _ccm. |
||
| 650 | _aMEDICINE | ||
| 700 |
_a Prof. Debashish Choudhury Gu. _9545479 |
||
| 700 |
_a Prof. S. K. Mishra Gu. _9545480 |
||
| 700 |
_aUniversity of Delhi. Faculty of Medical Sciences. Department of Genral Medicine _9545481 |
||
| 942 |
_cDIS _2CC |
||
| 999 |
_c882003 _d882003 |
||